000 00873nam a2200217Ia 4500
999 _c56581
_d56581
001 23695
003 GE_BSU
005 20260325164017.0
008 181216s1978||||ge |||||||||||||| ||geo||
040 _cGE_BSU
080 _a576.8(024) Л-12
100 _aЛабинская, А.С.
_927212
245 _aМикробиология с техникой микробиологических исследовании /
_cА.С. Лабинская ; Ред. С.А. Ефремова
250 _a4-е издание перераб. и дополн.
264 _aМосква :
_bМедицина,
_c1978.
300 _a392 стр. ;
_c22 см.
541 _h10 Л.
653 _aМикробиология с техникой микробиологических исследовании
700 _aЕфремова, С.А.
_eРедактор
_927213
942 _cBK
_2udc